Membres du g20 - Mort subite - Statistiques

Statistiques générales
  • Ce quiz a été pris 226 fois
  • Le résultat moyen est 8 sur 20
Answers on the Grid
Answers color-coded by a green-red scale on the quiz's grid according to % correct below.
France
États-Unis
Allemagne
Pakistan
Philippines
Bangladesh
Pays-bas
Ukraine
Israël
Chine
Italie
Russie
Brésil
Inde
Royaume-Uni
Espagne
Corée du Sud
Union Européenne
Iran
Turquie
Colombie
Vietnam
Thaïlande
Australie
Afrique du Sud
Argentine
Arabie-Saoudite
Mexique
Égypte
République Démocratique du Congo
Canada
Japon
Nigeria
Indonésie
Venezuela
Pologne
 
Statistiques - réponses
Réponse % Correct
France
70%
Allemagne
63%
États-Unis
61%
Royaume-Uni
59%
Chine
54%
Japon
54%
Brésil
52%
Canada
52%
Italie
50%
Russie
48%
Australie
41%
Inde
40%
Union Européenne
29%
Afrique du Sud
27%
Corée du Sud
27%
Mexique
26%
Arabie-Saoudite
23%
Turquie
23%
Argentine
21%
Indonésie
17%
Aucun quiz correspondant
Distribution des résultats
% des personnes avec chaque résultat
Percentile par nombre de réponses
Votre historique - résultats
Vous n’avez pas pris ce quiz